| 000 | 00348nam a22001217a 4500 | ||
|---|---|---|---|
| 082 |
_a297.122521 _bQUR _cL-31, P-127 |
||
| 100 |
_aA. yusuf ali. _947081 |
||
| 245 |
_aThe holy quran _cA. yusuf ali. |
||
| 260 |
_aLabnan. _bDar a; arabia. _cc1968. |
||
| 300 |
_axx, 1862 p. _bill. _c26 cm. |
||
| 526 |
_a0 _b0 _c0 _d297_122521000000000_QUR |
||
| 942 |
_2ddc _cBK |
||
| 999 |
_c550382 _d550382 |
||